000 01383njm a2200301 i 4500
001 5046
003 ES-MaACL
005 20251009172043.0
007 s|r|||||||||||
008 070914s1984 sp ||| g ||||||||1|nspa d
245 0 0 _aPresentacion del libro "La razón y la sombra : (una lectura política de Ortega y Gasset)" de Antonio Elorza
_h[Grabación sonora] /
_cintervienen Antonio Elorza, José Jiménez, José Luis Aranguren y Jacobo Muñoz.
260 _aMadrid :
_bAteneo de Madrid,
_c1984.
300 _a2 discos (CD-DA) (1 h. 53 min. 5 seg.) ;
_c12 cm.
500 _aDatos basados en la invitación.
518 _aActo organizado por el Ateneo de Madrid en colaboración con la editorial Anagrama , grabado en el salón de actos el viernes, 25 de mayo de 1984, a las 19:00 h.
600 1 4 _aOrtega y Gasset, José,
_d1883-1955-
_xCrítica e interpretación
_987505
610 0 4 _aAteneo de Madrid-
_xActos culturales-
_y1984-
_vGrabaciones sonoras
_91899
700 1 _aJiménez, José.
_966414
700 1 _aAranguren, José Luis L.,
_d1909-1996
_922315
700 1 _aMuñoz, Jacobo.
_9137824
700 1 _aElorza, Antonio,
_d1943-
_947089
710 2 _aAteneo de Madrid.
_91875
710 2 _aEditorial Anagrama.
_93435
852 _aES-MaACL
_jROT 6/1/38
_95163
_cROT
852 _aES-MaACL
_jROT 6/1/39
_9203685
_cROT
942 _2udc
999 _c5046
_d5046